Gambling with risk (Record no. 77618)
[ view plain ]
| 000 -LEADER | |
|---|---|
| fixed length control field | 00845cab a2200181 4500 |
| 001 - CONTROL NUMBER | |
| control field | ##L134674 |
| 008 - FIXED-LENGTH DATA ELEMENTS--GENERAL INFORMATION | |
| fixed length control field | 060824n2006 000 0 eng u |
| 035 ## - SYSTEM CONTROL NUMBER | |
| System control number | (Sirsi) u134674 |
| 041 0# - LANGUAGE CODE | |
| Language code of text/sound track or separate title | eng |
| 100 1# - MAIN ENTRY--PERSONAL NAME | |
| Personal name | Pickard, Martin |
| 245 00 - TITLE STATEMENT | |
| Title | Gambling with risk |
| 260 ## - PUBLICATION, DISTRIBUTION, ETC. | |
| Date of publication, distribution, etc. | 2006 |
| 490 #0 - SERIES STATEMENT | |
| Series statement | Premises and Facilities Management |
| Volume/sequential designation | August 2006, 13-14(2) |
| 520 ## - SUMMARY, ETC. | |
| Summary, etc. | This article, the fifth in the F word series, discusses the role that facilities managers can play in assisting their organisations to manage risk. Sets out the key stages in the risk management process, and goes on to examine different types of risk, including strategic, operational, compliance, knowledge and financial. Includes examples. (See also L133291, L133619, L133934 and L134334). |
| 590 ## - LOCAL NOTE (RLIN) | |
| Local note | IKA240806 |
| 690 ## - LOCAL SUBJECT ADDED ENTRY--TOPICAL TERM (OCLC, RLIN) | |
| Topical term or geographic name as entry element | MANAGEMENT-FACILITIES MANAGEMENT |
| 942 ## - ADDED ENTRY ELEMENTS (KOHA) | |
| Suppress in OPAC | 0 |
| Withdrawn status | Lost status | Source of classification or shelving scheme | Damaged status | Not for loan | Home library | Current library | Shelving location | Date acquired | Total Checkouts | Full call number | Barcode | Date last seen | Copy number | Price effective from | Koha item type |
|---|---|---|---|---|---|---|---|---|---|---|---|---|---|---|---|
| Dewey Decimal Classification | London | London | Journal article | 24/08/2006 | L134674 | 134674-1001 | 06/08/2019 | 1 | 06/08/2019 | Journal article |